000 00581cam a22002053a 4500
001 40043
003 PGUSA
005 20140828083907.0
008 120619s2012||||xxu|||||s|||||000 | eng d
040 _aPGUSA
_beng
042 _adc
100 1 _aMurray, Gilbert,
_d1866-1957
245 1 4 _aThe Problem of Foreign Policy
_h[electronic resource] /
_cGilbert Murray
260 _bProject Gutenberg,
_c2012
506 _aPublic domain in the USA.
516 _aElectronic text
830 0 _aProject Gutenberg
_v40043
856 4 0 _uhttp://www.gutenberg.org/ebooks/40043
942 _cEB
999 _c269296
_d269296